000 00490nam a2200181Ia 4500
005 20250923144725.0
008 008 250917s9999 xx 000 0 eng d
037 _aTextual
040 _aDSWL
_beng
_cDSWL
041 _aeng
_2eng
084 _aY
_qDSWL
100 _aKarlsson, George
_9827760
245 0 _aSocial Mechanisms
_cby George Karlsson
260 _aGlencoe
_bGlencoe Free Press
_c1958
300 _a156p.
942 _cTEXL
_hY
999 _c1442512
_d1442512